Neon White Characters - Statistics

General Stats
  • This quiz has been taken 31 times
  • The average score is 7 of 8
Answer Stats
Hint Answer % Correct
Neons Neon Green
100%
Neons Neon Red
100%
Neons Neon White
100%
Neons Neon Yellow
100%
Neons Neon Violet
95%
Angels Mikey
77%
Angels Raz
73%
Angels Gabby
64%
No matching quizzes found
Score Distribution
Percent of People with Each Score
Percentile by Number Answered
Your Score History
You have not taken this quiz